000 00915nam a2200289 4500
001 178360
003 ES-MaACL
005 20240524063012.0
008 110525s2009 sp af |||| |dspa d
020 _a978-84-937417-0-9
080 _a239
100 0 _aChesterton, G. K.,
_d1874-1936
_938399
245 1 0 _aPor qué soy católico /
_cGilbert Keith Chesteron.
250 _a1ª ed.
260 _aMadrid :
_bEl Buey Mudo,
_c2009.
300 _a718 p. :
_b1 retr., il. ;
_c21 cm.
490 1 _aReligión
600 1 7 _aChesterton, G. K.,
_d1874-1936
_xReligión
_2
_9146735
650 0 7 _aApologética.
_99921
650 4 _aFe y razón.
_9146736
700 1 _aThompson, James J.
_9110090
830 0 _aReligión
_9219441
852 _aES-MaACL
_9185219
_bR.145584
_jA-11248
_cDEPO1
_dOlim: N-4252
942 _2udc
_cMONOGRAFIA
999 _c178360
_d178360